| 000 | 00990nam a22003017a 4500 | ||
|---|---|---|---|
| 003 | EG-ScBUE | ||
| 005 | 20220830104044.0 | ||
| 008 | 100221t2009 sz a f b 00010 eeng d | ||
| 020 | _a9782940373918 | ||
| 040 |
_aEG-ScBUE _beng _erda _cEG-ScBUE _dEG-ScBUE |
||
| 082 | 0 | 4 |
_222 _a712 _bWAT |
| 100 | 1 |
_aWaterman, Tim, _eauthor. |
|
| 245 | 1 | 4 |
_aThe fundamentals of landscape architecture / _cTim Waterman. |
| 264 | 1 |
_aCase Postale, Switzerland : _bAVA Publishing, _c[2009] |
|
| 264 | 4 | _cc2009 | |
| 300 |
_a200 pages : _billustrations (chiefly color) ; _c23 cm. |
||
| 336 |
_2rdacontent _atext _btxt |
||
| 337 |
_2rdamedia _aunmediated _bn |
||
| 338 |
_2rdacarrier _avolume _bnc |
||
| 490 | 0 | _aAnother in the Ava Academic series | |
| 504 | _aIncludes bibliographical references and index | ||
| 650 | 7 |
_911490 _aLandscape architecture. _2BUEsh |
|
| 650 | 7 |
_911601 _aLandscape gardening. _2BUEsh |
|
| 651 | _2BUEsh | ||
| 653 | _bENGARC | ||
| 655 |
_vReading book _934232 |
||
| 942 |
_2ddc _cBB |
||
| 999 |
_c13444 _d13444 |
||